{"text_format":"3","workbook":"xls","n_sheets":1,"sheets":["日报表"],"read":"whole","date_system":"1900","formulas":"cached_only"}

{"sheet":"日报表","index":0,"n_rows":20,"n_cols":13,"rows_kept":20,"merged":[[0,2,0,11],[1,2,1,11],[2,2,2,11]],"flags":["formulas_cached_only"]}
[null,null,"五金收料统计日报表"]
[null,null,"日期： 2018    年    9   月   30   日                             填表人： 梅瑞雪"]
[null,null,"单位：大力神管桩有限公司"]
[null,"入库单号","品名","规格","数量","单位","单价","金额","供应商名称","联系方式","采购员","检验员","备注"]
[null,"WIN0047882","铜接线端子","50mm",50,"个",3.6,180,"邳州市电料总汇",null,"刘江山","刘飞"]
[null,null,"铜接线端子","70mm",10,"个",4,40]
[null,null,"铜接线端子","95mm",10,"个",6.8,68]
[null,"WIN0047892","工业盐",null,5,"吨",610,3050,"邳州市苏盐连锁有限公司",null,"刘江山","王旭舰"]
[null,"WIN0047893","锂基脂","3#",10,"桶",235,2350,"徐州金海润商贸有限公司",null,"刘江山","梅瑞雪"]
[null,null,"锂基脂","00#",10,"桶",230,2300]
[null,null,"抗磨液压油","46#",2,"桶",2250,4500]
[null,"WIN0047894","输送带",null,150,"米",370,55500,"临沂彦君矿山输送设备有限公司",null,"刘江山","吕臣辉"]
[null,null,"胶粘剂",null,10,"桶",70,700]
[null,null,"皮带扣",null,100,"套",3.2,320]
[null,"WIN0047895","轴承",6007,10,"个",11.5,115,"邳州市农机公司",null,"刘江山","王庆磊","红冲单（不能用退货）"]
[null,"WIN0047897","铲斗刀板",null,2,"块",1950,3900,"现金（邳州市中科金属加工厂）",null,"刘江山","崔永科","洛阳钢锋"]
[null,"WIN0047899","泡沫板",null,3740,"张",2.9,10846,"江苏华泰节能保温科技有限公司",null,"刘江山","梅瑞雪","4孔"]
[null,"WIN0047900","螺丝","12*120",100,"个",1.25,125,"现金（邳州市中兴物资经销处）",null,"刘江山","王庆磊","8.8级"]
[null,"WIN0047901","安全阀","DN20",2,"个",45,90,"现金（日丰管业）",null,"刘江山","姚锦春"]
[null,"WIN0047902","吊磅","5T",1,"个",1000,100,"郑州市大成称重设备有限公司",null,"刘江山","刘超"]